000 00521nam a2200169Ia 4500
008 090711s9999 xx 000 0 und d
082 _b30590
100 _aमंगळवेढेकर राजा
245 _aतरु ण मित्रा
260 _c1972
300 _a132
600 _aमंगळवेढेकर राजा
630 _aतरु ण मित्रा
700 _aमंगळवेढेकर राजा
730 _aतरु ण मित्रा
942 _cBOOK
999 _c289989
_d289989